000 00463nam a2200133 4500
999 _c14277
_d14277
008 190906b ||||| |||| 00| 0 eng d
082 _aDPer 050 T48 Apr-June 2016 v. 187 n. 12-24
100 _939473
_aZacharek, Stephanie.
245 _aAndy Samberg puts the pale pop in popstar, 4real/
_cStephanie Zacharek.
260 _aHong Kong:
_bTime Asia,
_cc2016.
300 _av187 n22, page 50:
_billustrations;
_c27 cm.
650 _aMusicians.
_940172
942 _2ddc
_cPER